Score 0/206 Timer 08:00
0 Plays Today
Lyrics % Correct
and
100%
Hey
100%
a
100%
the
100%
an
100%
idiot!
100%
a
100%
Heh, heh, heh!
96.2%
tell
96.2%
my
96.2%
featuring
96.2%
show
96.2%
for
96.2%
tonight,
96.2%
y'all
96.2%
at
96.2%
everybody!
96.2%
It's
96.2%
real
96.2%
good
96.2%
special
96.2%
got
96.2%
We
96.2%
Kantina!
96.2%
Krusty
96.2%
be
96.2%
to
96.2%
here
96.2%
sing
96.2%
new
96.2%
We're
96.2%
best
96.2%
He's
96.2%
SpongeBuck?
96.2%
this
96.2%
guy!
96.2%
about,
96.2%
sing
96.2%
we
96.2%
gonna
96.2%
what're
96.2%
pal,
96.2%
So,
96.2%
I'll
96.2%
gonna
96.2%
up
96.2%
song
96.2%
listen
96.2%
Well
96.2%
SpongeBuck?
96.2%
about
96.2%
friends,
96.2%
What
96.2%
of
96.2%
kind
96.2%
friends!
96.2%
ya!
96.2%
Idiot
69.2%
Idiot
69.2%
Idiot
69.2%
idiot
69.2%
Idiot
69.2%
Idiot
69.2%
Idiot
69.2%
idiot
69.2%
idiot
69.2%
idiot.....
69.2%
the
61.5%
the
61.5%
Lyrics % Correct
friend
57.7%
friend!
57.7%
friends!
53.8%
friends!
53.8%
friends,
53.8%
friends...
53.8%
friends!
53.8%
friends!
53.8%
friends!
53.8%
friends......!
53.8%
you
50%
you
50%
Who
50%
you
50%
you
50%
Who
50%
you,
50%
you
50%
You
50%
you.
50%
you
50%
Who
50%
you
50%
Who
50%
you
50%
Who
50%
you
50%
you
50%
you,
50%
you
50%
in
46.2%
so
46.2%
we
46.2%
an
46.2%
in
46.2%
and
42.3%
and
42.3%
do
42.3%
and
42.3%
do
42.3%
and
42.3%
Who's
38.5%
for
38.5%
when
38.5%
are
38.5%
up
38.5%
all
38.5%
can
38.5%
doo
38.5%
doo
38.5%
doh
38.5%
all
38.5%
is
38.5%
for
38.5%
for
38.5%
me?
38.5%
pick
38.5%
your
38.5%
up
38.5%
me
38.5%
there
34.6%
down?
34.6%
picks
34.6%
smacks
34.6%
around?
34.6%
save
34.6%
Duh,
34.6%
duh
34.6%
duh
34.6%
Lyrics % Correct
duh
34.6%
duh,
34.6%
doh
34.6%
Duh
34.6%
dee
34.6%
duh
34.6%
duh,
34.6%
doo,
34.6%
duh
34.6%
duh
34.6%
duh...
34.6%
Dee
34.6%
duh
34.6%
duh,
34.6%
duh
34.6%
doh
34.6%
doh,
34.6%
duh
34.6%
doh!
34.6%
what
34.6%
Well,
34.6%
what
34.6%
have
34.6%
pants
34.6%
off
34.6%
ground?
34.6%
Let's
34.6%
it
34.6%
lets
34.6%
on
34.6%
What
34.6%
have
34.6%
We're
34.6%
town?
30.8%
know
30.8%
SpongeBuck,
30.8%
singin'
30.8%
about
30.8%
I've
30.8%
done
30.8%
done
30.8%
helps
30.8%
buddy!
30.8%
slaps
30.8%
Thank
30.8%
thank
30.8%
sad
26.9%
puts
26.9%
thorns
26.9%
a-doin'
26.9%
Thanks,
26.9%
would
26.9%
that!
26.9%
ride
26.9%
his
26.9%
coffin?
26.9%
often?
26.9%
common?
26.9%
Hey!
23.1%
been
23.1%
Only
23.1%
bring
23.1%
home,
23.1%
hard
23.1%
Curses!
19.2%
O-kay!
19.2%
very
11.5%
much!
11.5%
Remove Ads.
Support Sporcle.
Get the best of Sporcle when you Go Orange. This ad-free experience offers more features, more stats, and more fun while also helping to support Sporcle. Thank you for becoming a member.

You're not logged in!

Compare scores with friends on all Sporcle quizzes.
OR
Log In

Show Comments

Extras

Top Quizzes Today


Score Distribution

Your Account Isn't Verified!

In order to create a playlist on Sporcle, you need to verify the email address you used during registration. Go to your Sporcle Settings to finish the process.

Report this User

Report this user for behavior that violates our Community Guidelines.

Details: